|
|
|
|
| LEADER |
00000cam a2200000 a 4500 |
| 001 |
vtls010607508 |
| 003 |
SK-MaSNL |
| 005 |
20260426002757.0 |
| 008 |
200318s2013 xo fr 000 0 slo |
| 015 |
|
|
|a SNBI2014
|
| 022 |
|
|
|a 1335-7190
|
| 035 |
|
|
|a urn:nbn:sk:snk-am00a0ac
|
| 035 |
|
|
|a urn:nbn:sk:snk-am3hc0f
|
| 035 |
|
|
|a 644D994A-C467-40BA-849C-F8E9B1DE500F
|
| 040 |
|
|
|a SNK
|b slo
|c SNK
|e AACR2
|
| 041 |
0 |
|
|a slo
|
| 043 |
|
|
|a e-xo---
|
| 044 |
|
|
|a xo
|c SK
|
| 072 |
|
7 |
|a 328
|x Zastupiteľské orgány. Vlády. Politické systémy jednotlivých krajín
|2 konspekt
|
| 080 |
|
|
|a 328.1
|2 2001
|
| 080 |
|
|
|a (437.6)
|2 2001
|
| 080 |
|
|
|a (055)
|2 2001
|
| 110 |
1 |
|
|a Slovensko.
|b Národná rada
|4 aut
|9 165573
|
| 245 |
1 |
0 |
|a Správa o 19. schôdzi Národnej rady Slovenskej republiky
|b VI. volebné obdobie : 1. rokovací deň-14. mája 2013 : 2. rokovací deň-15. mája 2013
|n [I. časť]
|
| 246 |
3 |
|
|a Správa o devätnástej schôdzi Národnej rady Slovenskej republiky
|b šieste volebné obdobie : 1. rokovací deň-14. mája 2013 : 2. rokovací deň-15. mája 2013
|
| 260 |
|
|
|a Bratislava
|b Organizačný odbor Kancelárie Národnej rady Slovenskej republiky
|c 2013
|
| 300 |
|
|
|a [340] s.
|c 21 cm
|
| 366 |
|
|
|e 27 kusov
|
| 610 |
1 |
7 |
|a Slovensko.
|b Národná rada
|2 SNKKA
|9 165573
|
| 648 |
|
7 |
|a 2013
|2 SNKPH
|9 324251
|
| 650 |
0 |
7 |
|a zasadania
|2 SNKPH
|9 284751
|
| 651 |
|
7 |
|a Bratislava (Slovensko)
|2 SNKPHgeo
|9 14568
|
| 655 |
|
7 |
|a uznesenia
|2 SNKPH
|9 70216
|
| 655 |
|
7 |
|a stenografické správy
|2 SNKPH
|9 284752
|
| 852 |
|
|
|a Slovenská národná knižnica
|
| 999 |
|
|
|c 927099
|d 929029
|
| 952 |
|
|
|a SNK
|b SNK
|y PREZ
|7 0
|p 17A1112971
|o snkSC 160164/1
|i snk2014/14897
|8 0
|0 0
|1 0
|4 0
|d 2014-07-01
|f 1
|l 0
|r 2025-08-22 00:00:00
|w 2026-02-24
|
| 952 |
|
|
|a SNK
|b SNK
|y VYP
|7 0
|p 17A1112970
|o snkSC 160164/1 D1
|i snk2014/14898
|8 0
|0 0
|1 0
|4 0
|d 2014-07-01
|l 0
|r 2026-02-24 08:37:00
|w 2026-02-24
|